Statistics for NFL Trivia

Click here to take the quiz!

General Stats

  • This quiz has been taken 39 times
    (28 since last reset)
  • The average score is 8 of 16

Answer Stats

HintAnswer% Correct
How many teams are in the NFL32
100%
What team one the first and second superbowlPackers
96%
What team drafted Eli ManningChargers
75%
What team has won the most superbowlsSteelers-Patriots
71%
Who was the coach for the packers who one superbowl 1 and 2Vince Lombardi
71%
How many teams did Ryan Fitzpatrick Play for9
67%
What team drafted Brett FavreFalcons
63%
Where were the chargers located before moving to LASan Diego
63%
what pick was Tom Brady in his draft class199
50%
Who was the patriots QB before BradyDrew Bledsoe
46%
What was the last team Adrian Peterson play forSeahawks
42%
What team drafted Tyrod TaylorRavens
33%
What is Tom Bradys Iconic NicknameTB12
33%
What team drafted John ElwayColts
25%
What QB had the nickname "Clipboard Jesus"Charlie Whitehurst
0%
Who was the first ever left handed QB in the NFLFrankie Albert
0%

Score Distribution

Percentile by Number Answered

Percent of People with Each Score

Your Score History

You have not taken this quiz since the last reset